Die 10 größten Freizeitparks in Deutschland - Statistiken

Allgemein
  • Dieses Quiz wurde 143 mal gespielt
  • Das Durchschnittsergebnis liegt bei 3 aus 10
Antwortstatistiken
% Korrekt
2 Heidepark
83%
5 Phantasialand
78%
3 Hansa Park
50%
8 Europapark- Rust
34%
4 Holiday Park
29%
9 Serengeti-Park
9%
6 Bayern-Park
8%
10 Movie Park Germany
8%
7 Legoland Deutschland
7%
1 Erlebnispark Tripsdrill
2%
Keine übereinstimmenden Quizze gefunden
Verteilung der Resultate
Anzahl Personen mit jedem Resultat
Perzentil nach korrekt beantworteten Fragen
Ihre Resultats-Entwicklung
Sie haben dieses Quiz noch nicht gespielt